| 000 | 00860nam a2200253 i 4500 | ||
|---|---|---|---|
| 001 | bg | ||
| 100 | 1 | _aZELLER, Paweł | |
| 245 | 1 | 0 |
_aPromocja szkoły w środowisku lokalnym / _cPaweł Zeller. |
| 260 |
_aWarszawa : _bCentralny Ośrodek Doskonalenia Nauczycieli, _c2006. |
||
| 300 |
_a172 s. : _bfot., wykr. ; _c24 cm. |
||
| 490 | 1 | _aZarządzanie Szkołą | |
| 504 | _aBibliogr. | ||
| 650 | 9 |
_aSzkolnictwo _xreklama |
|
| 655 | _aPodręczniki | ||
| 830 | _aZarządzanie Szkołą | ||
| 020 | _a8387958875 | ||
| 040 | _cBPK | ||
| 041 | 0 | _apol | |
| 080 | _a37.07:659](07) | ||
| 920 | _a83-87958-87-5 | ||
| 942 | _cKS | ||
| 008 | s pl f |000 0 pol | ||
| 999 |
_c52964 _d52964 |
||
| 856 |
_uhttp://koha.tu.koszalin.pl/cgi-bin/koha/opac-detail.pl?biblionumber=52964 _yKatalog online BPK |
||